Squadre di calcio italiane per immagini - Statistics

Statistiche generali
  • Questo quiz è stato fatto 749 volte
  • Il punteggio medio è 12 su 16
Statistiche sulle risposte
con Immagini Risposta % Corretto
Milan / Foggia
99%
Roma
99%
Juventus / Udinese
98%
Cagliari
97%
Fiorentina
96%
Inter
94%
Napoli
79%
Venezia
77%
Benevento
64%
Sampdoria
63%
Cesena / Salernitana
62%
Pescara
59%
Bari
53%
Atalanta
51%
Catania
46%
Crotone
17%
Nessun quiz corrispondente trovato
Distribuzione punteggi
Percentuale di utenti per punteggio
Percentile per numero di risposta
I tuoi punteggi nel tempo
Non hai fatto questo quiz